The communicating manager : a guide to working effectively with people

Saved in:
Bibliographic Details
Main Author: Dutfield, Mike
Other Authors: Eling, Chris
Format: Book
Language:English
Published: Great Britain : Element Books, c1990
Subjects:
Tags: Add Tag
No Tags, Be the first to tag this record!

MARC

LEADER 00000nam a2200000 i 4500
001 1/55109
008 980410s1990 eng d
020 |a 1852300809 
035 |l 10027795 
040 |a GR-MY-UA  |b gre  |e aacr 
041 0 |a eng 
082 0 |a 658.46 
100 1 |a Dutfield, Mike. 
245 1 4 |a The communicating manager :  |b a guide to working effectively with people /  |c Mike Dutfield ; Chris Eling 
260 |a Great Britain :   |b Element Books,   |c c1990 
300 |a 229 p. 
504 |a Includes bibliography and index 
650 0 0 |a Communication in management. 
650 0 0 |a Employees  |x Counseling of. 
700 1 |a Eling, Chris. 
852 |a INST  |b CHIOS  |e 19980410  |h 658.46 DUT  |p 005200009552  |q 005200009552  |t BK  |y 0 
901 |a BIBL-1998-1 
909 |a Χ  |b 054396 
922 |a 2ΕΛΗ  |b 199803  |c ΤΔΕ  |d ΠΑΠΑΣΩΤΗΡΙΟΥ